000 01643cam a22004454i 4500
003 PE-LiUPU
005 20250731173441.0
008 150616s r 000 0 d
035 _a(Sirsi) a5721
040 _aPE-LiUPU
_bspa
_cPE-LiUPU
_erda
049 _aPRUA
082 0 4 _a299.8983
_bG25
_221
100 1 _aGarr, Thomas M.,
_eautor.
245 1 0 _aCristianismo y Religión Quechua.
264 1 _aCusco :
_bInstituto de Pastoral Andina,
_c1972.
300 _a257 páginas :
_bIlustraciones ;
_c21 cm.
336 _atext
_2rdacontent
337 _aunmediated
_2rdamedia
338 _avolume
_2rdacarrier
505 0 _aBases teóricas.-Orurillo.- Coaza.- Las Fiestas Religiosas.- El Concepto de Dios y de los Santos.- Los Sacramentos._ Los Ritos Tradicionales.-Los especialistas religiosos.- El fondo histórico.- La visión del mundo.- San Juan del Oro.
526 _aSEG42
526 _aSEG41
526 _aSEG40
526 _aSEG39
526 _aP94
526 _aP87
526 _aP86
526 _aP85
526 _aP77
526 _aP76
526 _aP35
650 0 4 _aRELIGION - QUECHUA - PERU (PRELATURA AYAVIRI).
910 _ajck
_bjvq
_cjck
942 _2ddc
_cBOOK
949 _a299.8983 G25
_wDEWEY
_c1
_i39333
_lCCODEBUL1
_mBUL
_p00.00
_r0
_sY
_tBOOK
_u19951003
_xTEOLOGIA
_zUNKNOWN
_0COMPRA
_o.STAFF. Colección General
994 _aC0
_bPEPRU
596 _a1
999 _a299.8983 G25
_wDEWEY
_c56781
_i39333
_f2021-11-12
_g5
_lCCODEBUL1
_mBUL
_r0
_sY
_tBOOK
_u2015-6-16
_xTEOLOGIA
_zUNKNOWN
_0COMPRA
_o.STAFF. Colección General
_d56781
980 _81
_gALBERTO SANCHEZ Responsable de Automatización